000 00625nam a2200181 a 4500
001 000034978
005 20200930074026.0
008 111024s1974 sp a 000 0 spa d
020 _a8420620882
040 _aDO-SdBNP
_bspa
_cBNPHU
082 _axxx
_bC244d
100 1 _aCaplow, Theodore
_960577
240 1 0 _aTwo againts one : Coalitions in triads
_lespañol
245 1 0 _aDos contra uno :
_bteoría de coaliciones en las tríadas /
_cTheodore Caplow.
260 _aMadrid :
_bAlianza Editorial,
_c1974.
300 _a213 p. :
_bil. ;
_c20 cm.
590 _aPerteneció a la biblioteca personal de Juan Isidro Jimenes Grullón
999 _c34469
_d34469